banner koha

Identification of a simple sequence repeat molecular-market set for large-scale analyses of pear germplasm (Registro n. 223825)

MARC details
000 -LÍDER
campo de controle de tamanho fixo 00988nas a2200325 4500
001 - NÚMERO DE CONTROLE
campo de controle BR2012008906
003 - IDENTIFICADOR DO NÚMERO DE CONTROLE
campo de controle BR-BrBNA
005 - DATA E HORÁRIO DA ÚLTIMA TRANSAÇÃO
campo de controle 20231205121507.0
007 - CAMPO FIXO DE DESCRIÇÃO FÍSICA--INFORMAÇÃO GERAL
campo de controle de tamanho fixo ta
008 - CAMPO DE DADOS FIXOS--INFORMAÇÃO GERAL
campo de controle de tamanho fixo 230509b bl.|||p| |||| 00| 00por d
040 ## - FONTE DA CATALOGAÇÃO
Instituição da catalogação original BR-BrBNA
Idioma da catalogação por
Instituição que transcreveu o registro Biblioteca Nacional de Agricultura
041 ## - CÓDIGO DE IDIOMA
Código do idioma do texto/trilha sonora ou título diferente (En)
072 ## - CÓDIGO DE CATEGORIA DE ASSUNTO
Código de Categoria de Assunto F30
100 1# - ENTRADA PRINCIPAL--NOME PESSOAL
Nome pessoal Dequigiovanni, G.
100 1# - ENTRADA PRINCIPAL--NOME PESSOAL
Nome pessoal Rech, F.
100 1# - ENTRADA PRINCIPAL--NOME PESSOAL
Nome pessoal Gomes, F.G.G.
100 1# - ENTRADA PRINCIPAL--NOME PESSOAL
Nome pessoal Cerotti, I.S.
100 1# - ENTRADA PRINCIPAL--NOME PESSOAL
Nome pessoal Faoro, I.
100 1# - ENTRADA PRINCIPAL--NOME PESSOAL
Nome pessoal Oliveira, P.R.D. de
100 1# - ENTRADA PRINCIPAL--NOME PESSOAL
Nome pessoal Quecini, V.
100 1# - ENTRADA PRINCIPAL--NOME PESSOAL
Nome pessoal Ritschel, P.
245 1# - TÍTULO
Título Identification of a simple sequence repeat molecular-market set for large-scale analyses of pear germplasm
650 ## - ASSUNTO--TERMO TÓPICO
Cabeçalho tópico ou nome geográfico PERA
650 ## - ASSUNTO--TERMO TÓPICO
Cabeçalho tópico ou nome geográfico GERMOPLASMA
650 ## - ASSUNTO--TERMO TÓPICO
Cabeçalho tópico ou nome geográfico RECURSO GENÉTICO
650 ## - ASSUNTO--TERMO TÓPICO
Cabeçalho tópico ou nome geográfico MARCADOR MOLECULAR
773 0# - ENTRADA ANALÍTICA
Título Crop Breeding and Applied Biotechnology (Brazil)
ISSN - International Standard Serial Number ISSN 1518-7853
Partes relacionadas (Jun 2012), v. 12(2) p. 118-125
Número de controle do registro BR2012008906
909 ## -
-- 202311
-- Lúcia
-- 55
-- Lúcia Elande
942 ## - ELEMENTOS DE ENTRADA ADICIONADOS (KOHA)
Fonte da classificação ou esquema de arquivamento na estante Classificação AGRIS
Ocultar no OPAC Não
Tipo de material Koha Analítica
Exemplares
Situação do descarte Fonte da classificação ou esquema de arquivamento na estante Situação física Não pode ser emprestado Biblioteca de origem Biblioteca atual Localização na estante Enumeração do periódico / cronologia Total de empréstimos Data de último acesso Número do exemplar Tipo de material Koha Fonte de aquisição
  Classificação AGRIS   Consulta local Biblioteca Nacional de Agricultura - Binagri Biblioteca Nacional de Agricultura - Binagri   (Jun 2012), v. 12(2) p. 118-125   29/11/2023 01 Periódicos Portaria Interministerial nº 164/94

BINAGRI

Telefone: (61)3218-2567/2388/3357/2097 - binagri@agro.gov.br

Ministério da Agricultura e Pecuária , Esplanada dos Ministérios, Bloco D, Anexo B, Brasília/DF, CEP: 70.043-900